[Event "Mumbai One Wealth op"]
[Site "Mumbai"]
[Date "2024.02.07"]
[Round "3"]
[White "Miranka, Trishad"]
[Black "Kush, Ajay Agarwal"]
[Result "0-1"]
[WhiteElo "1342"]
[BlackElo "1458"]
[PlyCount "76"]
[EventDate "2024.02.05"]
[EventType "swiss"]
[EventRounds "7"]
[EventCountry "IND"]
[SourceTitle "CBM 218 Extra"]
[Source "ChessBase"]
[SourceDate "2024.03.31"]
[SourceVersion "1"]
[SourceVersionDate "2024.03.31"]
[SourceQuality "1"]

1. e4 e5 2. Nf3 Nc6 3. Bc4 Bc5 4. c3 Nf6 5. d3 a6 6. 0-0 d6 7. a4 Ba7 8. Re1 0-0 9. h3 Be6 10. Bxe6 fxe6 11. b4 d5 12. Qb3 Qd7 13. Bg5 b5 14. axb5 axb5 15. Na3 Rab8 16. exd5 exd5 17. Ra2 Qd6 18. Rae2 Kh8 19. Bh4 Nh5 20. Bg5 e4 21. dxe4 Rxf3 22. e5 Qe6 23. gxf3 Qxh3 24. Qxd5 Qg3+ 25. Kh1 Bxf2 26. Rxf2 Qxf2 27. Rg1 Ng3+ 28. Rxg3 Qxg3 29. f4 h6 30. Bf6 gxf6 31. Qxc6 Qh4+ 32. Kg1 Rg8+ 33. Kf1 Qxf4+ 34. Ke2 Qxe5+ 35. Kd2 Qh2+ 36. Kd3 Rg3+ 37. Kd4 Qh4+ 38. Kd5 Qh1+ 0-1